[Event "London Classic Open 2018"]
[Site "London ENG"]
[Date "2018.12.09"]
[Round "1.1"]
[White "Bates, Caspar J"]
[Black "Melkumyan, Hrant"]
[Result "0-1"]
[BlackTitle "GM"]
[WhiteElo "2113"]
[BlackElo "2670"]
[WhiteFideId "414760"]
[BlackFideId "13302485"]
[EventDate "2018.12.09"]

1. c4 g6 2. g3 Bg7 3. Bg2 Nf6 4. Nc3 O-O 5. d4 d6 6. Nf3 Nbd7 7. O-O e5 8. Qc2
Re8 9. Rd1 e4 10. Ng5 e3 11. fxe3 c6 12. e4 Qe7 13. Nh3 Nb6 14. Nf2 Nxc4 15. b3
Nb6 16. Ba3 Qd8 17. e5 dxe5 18. dxe5 Nfd7 19. Ng4 Qg5 20. h3 Rxe5 21. Ne4 Rxe4
22. Qxe4 h5 23. Qe8+ Kh7 24. Be7 f6 25. Nf2 Qxg3 26. Rd3 Qe5 27. Rad1 f5 28. Qf7
Qxe2 29. Bf3 Qe5 30. Rd6 Qg3+ 31. Bg2 Ne5 32. Qe8 Be6 33. Qxa8 Nxa8 34. Rxe6 Nc7
35. Red6 Nd5 0-1

[Event "London Classic Open 2018"]
[Site "London ENG"]
[Date "2018.12.09"]
[Round "1.2"]
[White "Bogner, Sebastian"]
[Black "Johnson, Daniel"]
[Result "0-1"]
[WhiteTitle "GM"]
[WhiteElo "2610"]
[BlackElo "2111"]
[WhiteFideId "4692055"]
[BlackFideId "1721283"]
[EventDate "2018.12.09"]

1. d4 d5 2. c4 e6 3. Nc3 Be7 4. cxd5 exd5 5. Bf4 c6 6. e3 Bf5 7. Nge2 Qb6 8. Qd2
Nf6 9. Ng3 Bg6 10. h4 h5 11. Be2 Nbd7 12. Rc1 Nf8 13. Bg5 Ne4 14. Ngxe4 Bxe4 15.
Bxe7 Kxe7 16. Nxe4 dxe4 17. Rc5 Nd7 18. Rxh5 Rxh5 19. Bxh5 Nf6 20. Be2 Rd8 21.
Qc3 Nd5 22. Qa3+ Qb4+ 23. Qxb4+ Nxb4 24. a3 Nd5 25. g4 Kd6 26. g5 g6 27. Kf1 Rh8
28. Kg2 Ke7 29. Kg3 Kd6 30. Kg2 Ke7 31. Kg3 Kd6 32. Bg4 Ke7 33. h5 gxh5 34. Bf5
f6 35. g6 Kf8 36. Bxe4 Ne7 37. Bf3 h4+ 38. Rxh4 Nf5+ 0-1

[Event "London Classic Open 2018"]
[Site "London ENG"]
[Date "2018.12.09"]
[Round "1.3"]
[White "Englisch, Colya"]
[Black "Cornette, Matthieu"]
[Result "1/2-1/2"]
[BlackTitle "GM"]
[WhiteElo "2105"]
[BlackElo "2597"]
[WhiteFideId "36080420"]
[BlackFideId "620084"]
[EventDate "2018.12.09"]

1. Nf3 Nf6 2. g3 b6 3. Bg2 Bb7 4. d4 g6 5. O-O Bg7 6. c4 O-O 7. Nc3 Ne4 8. Bd2
e6 9. Rc1 d6 10. Ne1 Nxc3 11. Bxc3 Bxg2 12. Nxg2 d5 13. Qb3 a5 14. cxd5 exd5 15.
Nf4 c6 16. e4 dxe4 17. d5 Bxc3 18. Rxc3 c5 19. Re1 Qd6 20. Rxe4 Nd7 21. h4 h6
22. Rc1 Nf6 23. Re2 Rad8 24. Rd1 Rfe8 25. Rde1 Rxe2 26. Rxe2 Re8 27. Rxe8+ Nxe8
28. Ng2 Nf6 29. Ne3 h5 30. Nc4 Qxd5 31. Nxb6 Qe4 32. Qc3 Qb1+ 33. Kg2 Ne4 34.
Qe5 Qc2 35. Qe8+ Kg7 36. Qe5+ Kg8 37. Qe8+ Kg7 1/2-1/2

[Event "London Classic Open 2018"]
[Site "London ENG"]
[Date "2018.12.09"]
[Round "1.4"]
[White "Moussard, Jules"]
[Black "Dahl, Baard"]
[Result "1-0"]
[WhiteTitle "GM"]
[WhiteElo "2591"]
[BlackElo "2097"]
[WhiteFideId "642908"]
[BlackFideId "444251"]
[EventDate "2018.12.09"]

1. Nf3 Nf6 2. b3 g6 3. Bb2 Bg7 4. g3 b6 5. Bg2 Bb7 6. c4 c5 7. O-O O-O 8. d4
cxd4 9. Qxd4 Nc6 10. Qh4 d5 11. Nbd2 e6 12. Rac1 h6 13. Ne5 Nh7 14. Qxd8 Raxd8
15. Nxc6 Bxc6 16. Bxg7 Kxg7 17. Nb1 Nf6 18. cxd5 Bxd5 19. Rc7 Bxg2 20. Kxg2 Rd7
21. Rxd7 Nxd7 22. Rc1 Ra8 23. Rc7 Nc5 24. Na3 Na6 25. Rc4 Kf6 26. Nb5 e5 27. Kf3
Nc5 28. Ke3 Rd8 29. b4 Ne6 30. Rc6 Ke7 31. Nxa7 Ra8 32. Nb5 Rxa2 33. Rxb6 Rb2
34. Nc3 Nd4 35. Kd3 Kd7 36. f4 Nc6 37. b5 Nb4+ 38. Kc4 exf4 39. gxf4 Na2 40.
Nxa2 Rxa2 41. Kd3 Rb2 42. h4 Rb4 43. e3 Ke7 44. Rb7+ Ke6 45. Ke2 g5 46. fxg5
hxg5 47. hxg5 Rg4 48. Rc7 Rxg5 49. b6 Rb5 50. b7 Rb3 51. Kd2 f5 52. Kc2 Rb6 53.
Kd3 Ke5 54. Kc4 Rb1 55. Rc5+ 1-0

[Event "London Classic Open 2018"]
[Site "London ENG"]
[Date "2018.12.09"]
[Round "1.5"]
[White "Lopez Gomez, Jose Pablo"]
[Black "Yuffa, Daniil"]
[Result "0-1"]
[BlackTitle "GM"]
[WhiteElo "2094"]
[BlackElo "2572"]
[WhiteFideId "5110645"]
[BlackFideId "24131423"]
[EventDate "2018.12.09"]

1. e4 c6 2. d4 d5 3. e5 Bf5 4. Ne2 e6 5. Ng3 Bg6 6. h4 h5 7. Be2 c5 8. c3 Nc6 9.
Be3 Qb6 10. Qb3 c4 11. Qxb6 axb6 12. Nd2 b5 13. O-O b4 14. Rfc1 bxc3 15. bxc3
Ba3 16. Rcb1 Bxb1 17. Rxb1 Nd8 18. Nxh5 g6 19. Nf4 Rxh4 20. g3 Rh8 21. Nxc4 dxc4
22. Bxc4 Ne7 23. Bb5+ Kf8 24. Ne2 Nd5 25. Bd2 Be7 26. a4 Nc6 27. c4 Ndb4 28. Bc3
Kg7 29. d5 exd5 30. e6+ d4 31. Nxd4 Bf6 32. e7 Nxd4 33. Bxd4 Bxd4 34. e8=Q Rhxe8
35. Bxe8 Nd3 36. Rd1 Bxf2+ 37. Kg2 Rxe8 38. Rxd3 Bc5 39. Rd5 Rc8 0-1

[Event "London Classic Open 2018"]
[Site "London ENG"]
[Date "2018.12.09"]
[Round "1.6"]
[White "Hillarp Persson, Tiger"]
[Black "Semprun Martinez, Fernando"]
[Result "1-0"]
[WhiteTitle "GM"]
[WhiteElo "2546"]
[BlackElo "2091"]
[WhiteFideId "1700812"]
[BlackFideId "2203170"]
[EventDate "2018.12.09"]

1. c4 c5 2. Nf3 Nc6 3. Nc3 g6 4. e3 Nf6 5. a3 Bg7 6. Rb1 d5 7. cxd5 Nxd5 8. Ne4
Bf5 9. Qc2 O-O 10. d3 Rc8 11. Nfd2 Ne5 12. h3 Nf6 13. b3 Qa5 14. f4 Ned7 15. Kf2
b5 16. g4 Bxe4 17. dxe4 e5 18. g5 Nh5 19. f5 f6 20. h4 fxg5 21. hxg5 gxf5 22.
Rxh5 1-0

[Event "London Classic Open 2018"]
[Site "London ENG"]
[Date "2018.12.09"]
[Round "1.7"]
[White "Seymour, Timothy P"]
[Black "Pert, Nicholas"]
[Result "0-1"]
[BlackTitle "GM"]
[WhiteElo "2080"]
[BlackElo "2546"]
[WhiteFideId "412112"]
[BlackFideId "403989"]
[EventDate "2018.12.09"]

1. Nf3 d5 2. e3 c5 3. d4 Nf6 4. c4 cxd4 5. exd4 g6 6. cxd5 Nxd5 7. Qb3 Bg7 8.
Bc4 e6 9. Bg5 Qd6 10. Bxd5 Qxd5 11. Qa3 Qe4+ 12. Be3 Qc6 13. O-O Qa6 14. Rc1
Qxa3 15. Nxa3 Nc6 16. Nc4 O-O 17. Nfe5 Nb4 18. Nd6 f6 19. Nec4 Rd8 20. a3 Nd5
21. Rc2 Kf8 22. Rac1 Ke7 23. Kf1 b6 24. b4 Bd7 25. b5 a6 26. Rb2 axb5 27. Nxb5
Rdc8 28. Bd2 Ra4 29. Ne3 Rxc1+ 30. Bxc1 Nxe3+ 31. fxe3 Ra5 32. Nc3 Rxa3 33. Bd2
Ra6 34. e4 Kd8 35. Ke2 Bf8 36. Bf4 g5 37. Bg3 h5 38. h4 Ra3 39. Kd2 b5 40. e5 b4
41. Ne2 Bb5 42. Bf2 Bh6 0-1

[Event "London Classic Open 2018"]
[Site "London ENG"]
[Date "2018.12.09"]
[Round "1.8"]
[White "Debashis, Das"]
[Black "Head, Louise"]
[Result "1-0"]
[WhiteTitle "GM"]
[BlackTitle "WFM"]
[WhiteElo "2544"]
[BlackElo "2079"]
[WhiteFideId "5024854"]
[BlackFideId "424773"]
[EventDate "2018.12.09"]

1. d4 d5 2. c4 dxc4 3. e3 Nf6 4. Bxc4 e6 5. Nf3 a6 6. O-O b5 7. Bb3 Bb7 8. a4 b4
9. Nbd2 c5 10. Re1 a5 11. e4 cxd4 12. e5 Nfd7 13. Nc4 Nc5 14. Bg5 Qc7 15. Nxd4
Ba6 16. Nd6+ Bxd6 17. exd6 Qxd6 18. Nxe6 Qxd1 19. Nxc5+ Qxe1+ 20. Rxe1+ Kf8 21.
Be7+ Kg8 22. Bd5 Ra7 23. Bd6 1-0

[Event "London Classic Open 2018"]
[Site "London ENG"]
[Date "2018.12.09"]
[Round "1.9"]
[White "Jyothilal, N."]
[Black "Turner, Matthew J"]
[Result "0-1"]
[BlackTitle "GM"]
[WhiteElo "2078"]
[BlackElo "2533"]
[WhiteFideId "5002605"]
[BlackFideId "402893"]
[EventDate "2018.12.09"]

1. d4 Nf6 2. c4 e6 3. g3 Be7 4. Bg2 d5 5. Nf3 O-O 6. O-O dxc4 7. Ne5 Nc6 8. Bxc6
bxc6 9. Nxc6 Qe8 10. Nxe7+ Qxe7 11. Qa4 e5 12. dxe5 Qxe5 13. Nc3 Qe6 14. Bg5 Ne4
15. Nxe4 Qxe4 16. f3 Qd4+ 17. Rf2 Qxb2 18. Rc1 Be6 19. e4 Qb6 20. Qa3 Qc6 21.
Qa5 f5 22. e5 Rfb8 23. Qc3 h6 24. Be7 Qd7 25. Ba3 Rd8 26. Bb2 Qa4 27. Qa3 Qxa3
28. Bxa3 Rab8 29. Bb2 Rd3 30. Bc3 Bd5 31. f4 Kf7 32. Re2 Ke6 33. Kf2 g5 34. Re3
gxf4 35. gxf4 Rg8 36. Rxd3 cxd3 37. Bd2 Rg2+ 38. Ke1 Bxa2 39. Rxc7 Bb3 40. Bb4
Rxh2 41. Rxa7 Kd5 42. Ra6 Kc4 43. Ba5 Re2+ 44. Kf1 d2 45. Bxd2 Rxd2 46. Rxh6 Kd4
47. e6 Bc4+ 48. Kg1 Re2 49. Rf6 Bxe6 0-1

[Event "London Classic Open 2018"]
[Site "London ENG"]
[Date "2018.12.09"]
[Round "1.10"]
[White "Hector, Jonny"]
[Black "Price, Gwilym"]
[Result "1-0"]
[WhiteTitle "GM"]
[WhiteElo "2501"]
[BlackElo "2075"]
[WhiteFideId "1700090"]
[BlackFideId "443980"]
[EventDate "2018.12.09"]

1. e4 c5 2. Nf3 e6 3. d4 cxd4 4. Nxd4 Nf6 5. Nc3 Nc6 6. Nxc6 bxc6 7. e5 Nd5 8.
Ne4 Qc7 9. f4 Qb6 10. c4 Ne3 11. Qd3 Bb4+ 12. Bd2 O-O 13. Nc3 Ng4 14. Qf3 f5 15.
h3 Nh6 16. O-O-O Rb8 17. Na4 Qa5 18. b3 c5 19. Qe3 Ba3+ 20. Kc2 Qc7 21. Bc1 Bxc1
22. Kxc1 g5 23. Qxc5 Qb7 24. fxg5 Nf7 25. Bd3 Qxg2 26. g6 Qg5+ 27. Kb1 hxg6 28.
Rhg1 Qh5 29. Bc2 Rb7 30. Rd2 g5 31. Qe3 Rc7 32. Rdg2 Qh4 33. Nc3 Bb7 34. Rxg5+
Nxg5 35. Rxg5+ Kh8 36. Nb5 Rcc8 37. Nd6 Rb8 38. Rg6 Kh7 39. Rg4 Qe7 40. Qg3 1-0

[Event "London Classic Open 2018"]
[Site "London ENG"]
[Date "2018.12.09"]
[Round "1.11"]
[White "Prior, Stephen C V"]
[Black "Ghasi, Ameet K"]
[Result "0-1"]
[BlackTitle "IM"]
[WhiteElo "2065"]
[BlackElo "2498"]
[WhiteFideId "423378"]
[BlackFideId "409200"]
[EventDate "2018.12.09"]

1. Nf3 Nf6 2. c4 g6 3. b3 Bg7 4. Bb2 O-O 5. g3 d6 6. Bg2 e5 7. O-O Nc6 8. d4 e4
9. Nfd2 Re8 10. d5 Ne5 11. Na3 e3 12. fxe3 Neg4 13. Nc2 Bf5 14. e4 Bd7 15. h3
Ne5 16. Qe1 h5 17. Nd4 Qc8 18. Kh2 c5 19. dxc6 bxc6 20. Qc1 Qc7 21. N4f3 Nxf3+
22. Rxf3 Re6 23. Qc2 Rf8 24. Raf1 Qd8 25. Bc3 Qe7 26. Qb2 Ne8 27. Bxg7 Nxg7 28.
Qd4 c5 29. Qf2 Bc6 30. Rf6 Re5 31. Qf4 Ne8 32. Nb1 Nxf6 33. Qxf6 Qxf6 34. Rxf6
Bxe4 35. Nc3 Bf5 36. Rxd6 Re3 37. Nd5 Rxe2 38. Kg1 Kg7 39. Ra6 Rfe8 40. Nf4 Re1+
41. Kf2 R8e7 42. Bf3 Rc1 43. g4 Bc8 44. Ra5 h4 45. Nd5 Rc2+ 46. Kf1 Rc1+ 47. Kf2
Rc2+ 48. Kf1 Re5 49. Rxa7 Be6 50. Nf4 Kh6 51. Ng2 Kg5 52. a4 f5 53. gxf5 Bxf5
54. Kg1 Bxh3 55. Rc7 Bg4 56. Bxg4 Kxg4 57. Rxc5 Rxg2+ 0-1

[Event "London Classic Open 2018"]
[Site "London ENG"]
[Date "2018.12.09"]
[Round "1.12"]
[White "Gormally, Daniel W"]
[Black "Nettleton, Charlie B"]
[Result "1-0"]
[WhiteTitle "GM"]
[WhiteElo "2478"]
[BlackElo "2059"]
[WhiteFideId "406465"]
[BlackFideId "419710"]
[EventDate "2018.12.09"]

1. e4 d6 2. d4 Nf6 3. Nc3 e5 4. Nf3 exd4 5. Nxd4 Be7 6. Bc4 O-O 7. O-O c6 8. Re1
a5 9. Bf4 Na6 10. Qd2 Nc5 11. Rad1 Ng4 12. Nf5 Bxf5 13. exf5 Ne5 14. Bf1 Qc7 15.
a3 a4 16. Qe2 Bf6 17. Qh5 Rad8 18. Re3 g6 19. fxg6 fxg6 20. Qe2 b5 21. Ne4 Nxe4
22. Rxe4 Bg7 23. b3 axb3 24. cxb3 Qf7 25. Bg5 Bf6 26. Bxf6 Qxf6 27. a4 bxa4 28.
bxa4 Ra8 29. Qe3 Ra5 30. f3 Rfa8 31. Qc3 Kg7 32. f4 Ng4 33. Qxc6 Qh4 34. h3 Qf2+
35. Kh1 Nf6 36. Qc3 Rf5 37. Bb5 d5 38. Re7+ Kh6 39. Rf1 Qh4 40. g4 d4 41. g5+ 1-0

[Event "London Classic Open 2018"]
[Site "London ENG"]
[Date "2018.12.09"]
[Round "1.13"]
[White "Olarasu, Iuliana"]
[Black "Janik, Igor"]
[Result "0-1"]
[BlackTitle "IM"]
[WhiteElo "2058"]
[BlackElo "2476"]
[WhiteFideId "1202103"]
[BlackFideId "1159259"]
[EventDate "2018.12.09"]

1. d4 Nf6 2. c4 e6 3. Nf3 b6 4. e3 Bb7 5. Be2 c5 6. Nc3 cxd4 7. exd4 Bb4 8. O-O
O-O 9. Qc2 Nc6 10. Bg5 Bxc3 11. Qxc3 Ne4 12. Qe3 Nxg5 13. Nxg5 Nxd4 14. Bd3 f5
15. Nxh7 Nf3+ 16. gxf3 Kxh7 17. f4 Rf6 18. f3 Rh6 19. Rf2 Qf6 20. Qe5 Rh4 21.
Raf1 Qh6 22. Rg2 Rxf4 23. Rg3 Rh4 24. Rf2 Rg8 25. Rfg2 g6 26. Qd6 Qe3+ 27. Kh1
Rg7 28. Be2 Rh6 29. Qd1 d5 30. f4 Qxf4 31. cxd5 Bxd5 32. Bf3 Rc7 33. Rd2 Qxg3 0-1

[Event "London Classic Open 2018"]
[Site "London ENG"]
[Date "2018.12.09"]
[Round "1.14"]
[White "Gumularz, Szymon"]
[Black "Coote, Trevor D"]
[Result "1-0"]
[WhiteTitle "IM"]
[WhiteElo "2462"]
[BlackElo "2057"]
[WhiteFideId "1188062"]
[BlackFideId "410039"]
[EventDate "2018.12.09"]

1. e4 e6 2. d4 d5 3. Nd2 Nf6 4. e5 Nfd7 5. c3 c5 6. Bd3 Nc6 7. Ne2 cxd4 8. cxd4
f6 9. exf6 Nxf6 10. Nf3 Bd6 11. O-O O-O 12. h3 Bd7 13. Be3 Rc8 14. Rc1 a5 15.
Nc3 Kh8 16. Re1 Qe8 17. a3 Qh5 18. Be2 Qe8 19. Qb3 Nh5 20. Qxb7 Rb8 21. Qa6 Rxb2
22. Na4 Rxe2 23. Qxe2 Bxa3 24. Rb1 Bb4 25. Rec1 e5 26. dxe5 Nxe5 27. Nxe5 Qxe5
28. Nc5 Nf4 29. Qb2 Qxb2 30. Rxb2 Bb5 31. Bxf4 Rxf4 32. Nd3 Bxd3 33. Rxb4 g5 34.
Rxf4 gxf4 35. Rc5 Bc4 36. Rxa5 Kg7 37. Kh2 Kf6 38. Ra7 Bd3 39. Rd7 Ke5 40. g3
Be4 41. Rf7 fxg3+ 42. Kxg3 Bg6 43. Re7+ Kf6 44. Rd7 Ke6 45. Rd8 Ke5 46. f4+ Ke4
47. Rd7 d4 48. Re7+ Kf5 49. Re5+ Kf6 50. Rd5 d3 51. Kf3 Ke6 52. Re5+ Kf6 53. Ke3
Bf5 54. h4 h5 55. Rd5 Ke6 56. Rxd3 Bxd3 57. Kxd3 Kf5 58. Ke3 Ke6 59. Ke4 Kf6 60.
f5 Kf7 61. Ke5 Ke7 62. f6+ 1-0

[Event "London Classic Open 2018"]
[Site "London ENG"]
[Date "2018.12.09"]
[Round "1.15"]
[White "Flear, Christine"]
[Black "Arkell, Keith C"]
[Result "0-1"]
[WhiteTitle "WIM"]
[BlackTitle "GM"]
[WhiteElo "2055"]
[BlackElo "2453"]
[WhiteFideId "602604"]
[BlackFideId "400270"]
[EventDate "2018.12.09"]

1. d4 Nf6 2. c4 e6 3. Nf3 b6 4. g3 Ba6 5. b3 b5 6. cxb5 Bxb5 7. Bg2 c5 8. O-O
Bc6 9. Bb2 Be7 10. Nbd2 cxd4 11. Nxd4 Bxg2 12. Kxg2 O-O 13. e4 Qb6 14. Qe2 Nc6
15. Nxc6 Qxc6 16. Rfc1 Qb7 17. Qf3 d5 18. exd5 Qxd5 19. Qxd5 Nxd5 20. Ne4 a5 21.
Bd4 Rfd8 22. Bc5 Bxc5 23. Nxc5 g5 24. Rc4 Kg7 25. h3 Kg6 26. a3 Nb6 27. Rc2 Rd5
28. Rb1 Rc8 29. Rbc1 Rd4 30. Kf3 Rcd8 31. Ke2 h5 32. Nb7 R8d5 33. Rc6 Nd7 34.
Ra6 Rd2+ 35. Ke1 Rb2 36. Rxa5 Rdd2 37. Kf1 Rxf2+ 38. Kg1 Rg2+ 39. Kf1 Nf6 40.
Nd6 Nd5 41. Nc4 Rbf2+ 42. Ke1 Rh2 43. Rc5 Ra2 0-1

[Event "London Classic Open 2018"]
[Site "London ENG"]
[Date "2018.12.09"]
[Round "1.16"]
[White "Flear, Glenn C"]
[Black "Ratnesan, Ranesh"]
[Result "1-0"]
[WhiteTitle "GM"]
[WhiteElo "2451"]
[BlackElo "2055"]
[WhiteFideId "400165"]
[BlackFideId "439339"]
[EventDate "2018.12.09"]

1. d4 d5 2. c4 c6 3. Nc3 Nf6 4. e3 Bf5 5. Nf3 e6 6. Nh4 Bg6 7. Nxg6 hxg6 8. Bd3
Nbd7 9. h3 Bd6 10. O-O g5 11. cxd5 exd5 12. e4 dxe4 13. Nxe4 Nxe4 14. Bxe4 Qf6
15. Re1 O-O-O 16. Qg4 Bf4 17. g3 Bxc1 18. Raxc1 Kb8 19. Bg2 Nb6 20. Re5 g6 21.
Rc3 Qd6 22. Rf3 Nc4 23. Re2 f5 24. Qxg5 Qxd4 25. Qf4+ Kc8 26. Re7 Qxf4 27. Rxf4
Nd6 28. Rd4 Rhe8 29. Rg7 Re6 30. Rh4 Ne8 31. Rg8 Rd1+ 32. Bf1 Ree1 33. Kg2 Kc7
34. Bc4 Rd6 35. Bf7 Nf6 36. Rxg6 Ne4 37. Rxd6 Kxd6 38. Rf4 Ke5 39. Bg6 Nd6 40.
h4 Re2 41. h5 Kf6 42. g4 Kg5 43. Kf3 Rxb2 44. gxf5 Rxa2 45. Rg4+ Kf6 46. h6 Ra3+
47. Kg2 Ra5 48. h7 Kg7 49. f6+ Kh8 50. Bd3 1-0

[Event "London Classic Open 2018"]
[Site "London ENG"]
[Date "2018.12.09"]
[Round "1.17"]
[White "Grigoryan, Meri"]
[Black "Wang, Kevin"]
[Result "0-1"]
[WhiteTitle "WFM"]
[BlackTitle "IM"]
[WhiteElo "2054"]
[BlackElo "2449"]
[WhiteFideId "13300571"]
[BlackFideId "2008424"]
[EventDate "2018.12.09"]

1. d4 d5 2. Nf3 Nf6 3. c4 e6 4. Bg5 dxc4 5. e3 a6 6. a4 c5 7. Nc3 cxd4 8. Qxd4
Nbd7 9. Bxf6 gxf6 10. Bxc4 Bg7 11. Qg4 O-O 12. Rd1 f5 13. Qg3 Qb6 14. Rd2 Qb4
15. Be2 Nc5 16. O-O Bd7 17. Ne5 Be8 18. Bf3 Rc8 19. Rfd1 Nb3 20. Rd6 Kh8 21. Qf4
a5 22. h4 Nc5 23. R1d2 Nb3 24. Rd1 h6 25. Kh2 Kh7 26. g3 Nc5 27. R1d2 Rg8 28.
Bh5 f6 29. Bxe8 fxe5 30. Bg6+ Kxg6 31. h5+ Kh7 32. Qf3 e4 33. Qf4 Nd3 34. Qh4 0-1

[Event "London Classic Open 2018"]
[Site "London ENG"]
[Date "2018.12.09"]
[Round "1.18"]
[White "Elsness, Frode"]
[Black "Gerlach, Felix Tobias"]
[Result "1-0"]
[WhiteTitle "IM"]
[WhiteElo "2447"]
[BlackElo "2050"]
[WhiteFideId "1501100"]
[BlackFideId "12957690"]
[EventDate "2018.12.09"]

1. d4 Nf6 2. c4 g6 3. Nc3 Bg7 4. e4 d6 5. Nf3 O-O 6. h3 e5 7. d5 Nh5 8. g3 Na6
9. Be3 f5 10. exf5 gxf5 11. Ng5 Qe8 12. Be2 Nf6 13. Qd2 Nc5 14. Qc2 a5 15. O-O-O
Bd7 16. g4 e4 17. gxf5 Bxf5 18. Rhg1 Kh8 19. Rg2 Rd8 20. Nb5 Qe7 21. Rdg1 Rg8
22. Nd4 Bd7 23. Qd2 Rdf8 24. Nge6 Bxe6 25. dxe6 Nxe6 26. Nf5 Qd7 27. Nxg7 Rxg7
28. Rxg7 Nxg7 29. Bd4 Qf7 30. Bc3 Ne6 31. Qh6 c5 32. Rd1 Nd4 33. Bxd4 cxd4 34.
Rxd4 Rd8 35. Qf4 Qe6 36. Bg4 Qe7 37. Kb1 Kg7 38. Qg5+ Kf7 39. Qxa5 e3 40. Bh5+
Kf8 41. fxe3 Rc8 42. Qg5 Rc5 43. Qh6+ Kg8 44. Bd1 Rf5 45. a3 b5 46. cxb5 Rxb5
47. Be2 Rb6 48. Bf3 d5 49. Qg5+ Kf8 50. Bxd5 Qxa3 51. Qxf6+ 1-0

[Event "London Classic Open 2018"]
[Site "London ENG"]
[Date "2018.12.09"]
[Round "1.19"]
[White "Bin-Suhayl, Ieysaa"]
[Black "Akash Pc, Iyer"]
[Result "1/2-1/2"]
[BlackTitle "IM"]
[WhiteElo "2038"]
[BlackElo "2441"]
[WhiteFideId "429031"]
[BlackFideId "5006775"]
[EventDate "2018.12.09"]

1. Nf3 c5 2. c4 d6 3. g3 e5 4. Nc3 Nf6 5. d3 Be7 6. Bg2 O-O 7. O-O Nc6 8. Bg5 g6
9. Ne1 Kg7 10. Nc2 h6 11. Bxf6+ Bxf6 12. Ne3 h5 13. Ned5 h4 14. a3 Rh8 15. b4
cxb4 16. axb4 hxg3 17. fxg3 Bg5 18. e3 Be6 19. Qf3 f5 20. Rfe1 Rf8 21. Ra3 Rf7
22. Rea1 Rc8 23. Qe2 a6 24. b5 Nb8 25. b6 Bd7 26. Nc7 Nc6 27. Bxc6 bxc6 28. Rxa6
Rxc7 29. bxc7 Qxc7 30. Rb1 Kh7 31. Ra8 Bh6 32. Qf3 Bg7 33. Na4 f4 34. g4 Kh6 35.
Nc3 d5 36. cxd5 cxd5 37. Nxd5 Qc2 38. Qd1 Qc5 39. Qf3 Be6 40. Rd8 Kg5 41. d4 Qc2
42. Rf1 Bxg4 43. Qg2 Qxg2+ 44. Kxg2 f3+ 45. Kg3 Bh5 46. Nc3 exd4 47. Ne4+ Kh6
48. exd4 Re7 49. Nd2 Re3 50. Nxf3 Rd3 51. d5 Be5+ 52. Kg2 Bf4 53. Ne1 Rd4 54.
Nc2 Rc4 55. Rf2 Bg5 56. Rb8 Bh4 57. Rd2 Bg5 58. Rf2 Bh4 59. Rd2 Bg5 60. Rf2 1/2-1/2

[Event "London Classic Open 2018"]
[Site "London ENG"]
[Date "2018.12.09"]
[Round "1.20"]
[White "Hunt, Harriet V"]
[Black "Harari, Zaki"]
[Result "1-0"]
[WhiteTitle "IM"]
[WhiteElo "2440"]
[BlackElo "2038"]
[WhiteFideId "403512"]
[BlackFideId "2002639"]
[EventDate "2018.12.09"]

1. e4 e5 2. Nf3 Nc6 3. Bb5 a6 4. Ba4 d6 5. c3 f5 6. d3 Nf6 7. Qe2 b5 8. Bb3 Na5
9. Bc2 fxe4 10. dxe4 Be7 11. Nbd2 c5 12. Nf1 O-O 13. Ne3 Kh8 14. Nf5 Be6 15. b3
Ra7 16. Ng5 Bg8 17. Be3 Rd7 18. O-O h6 19. Nf3 Bh7 20. N3h4 Nc6 21. Qf3 b4 22.
Qg3 Ne8 23. Ng6+ Bxg6 24. Qxg6 Bg5 25. cxb4 Nxb4 26. Bd1 Qf6 27. Bh5 Qxg6 28.
Bxg6 Nc2 29. Rad1 Nd4 30. Bxg5 hxg5 31. Rfe1 Nc7 32. Ne3 Rf6 33. Bh5 g6 34. Bg4
Rdf7 35. f3 Rf8 36. Nc4 Rb8 37. Rd2 Kg7 38. Kf2 Kf8 39. Rh1 Ke7 40. h4 gxh4 41.
Rxh4 Rf7 42. Rh6 Rg7 43. Ke3 Rb5 44. Rh8 Rb7 45. g3 g5 46. Rdh2 Ne8 47. R2h7 Rc7
48. Rxg7+ Nxg7 49. Ra8 Rc6 50. Ra7+ Kf6 51. Bd7 Nb5 52. Rb7 Rc7 53. Nxd6 Ke7 54.
Bxb5 Kxd6 55. Rb6+ Ke7 56. Bc4 a5 57. Rg6 Kd8 58. Rxg5 Re7 59. a4 Kc7 60. Rg6
Ne8 61. Ra6 Nd6 62. Ra7+ Kd8 63. Rxa5 Nxc4+ 64. bxc4 Rc7 65. f4 Ke7 66. Rb5 1-0

[Event "London Classic Open 2018"]
[Site "London ENG"]
[Date "2018.12.09"]
[Round "1.21"]
[White "Marentini, Marcel"]
[Black "Zhou, Yang-Fan"]
[Result "1/2-1/2"]
[BlackTitle "IM"]
[WhiteElo "2030"]
[BlackElo "2434"]
[WhiteFideId "1318730"]
[BlackFideId "468584"]
[EventDate "2018.12.09"]

1. Nf3 Nf6 2. c4 b6 3. g3 Bb7 4. Bg2 g6 5. b3 Bg7 6. Bb2 O-O 7. O-O d6 8. d3 e5
9. Nc3 c5 10. a3 Nc6 11. Ne1 Rb8 12. Nc2 Nd4 13. Ne3 Bxg2 14. Kxg2 b5 15. Rb1
Rb7 16. Ned5 Nxd5 17. Nxd5 f5 18. Bxd4 cxd4 19. a4 bxc4 20. bxc4 Rbf7 21. Rb5 f4
22. f3 h5 23. Qe1 g5 24. Qa5 Qd7 25. gxf4 exf4 26. Rfb1 Qe6 27. Qd2 g4 28. Rb8
Rxb8 29. Rxb8+ Kh7 30. Rb1 Be5 31. Kh1 g3 32. Rg1 h4 33. Qa5 Qh3 34. Rg2 Rb7 35.
Qe1 Qd7 36. hxg3 hxg3 37. Qc1 Qxa4 38. Nxf4 Qa2 39. Rg1 Rf7 40. Ne6 Qxe2 41. Rg2
Qxd3 42. Ng5+ Kg6 43. Nxf7 Kxf7 44. f4 Bf6 45. Kg1 Qf3 46. Qe1 Bh4 47. Qe2 Qxf4
48. Qh5+ Kg7 49. Ra2 Be7 50. Re2 Bf6 51. Qd5 Be5 52. Kg2 Qh4 53. Kg1 d3 54. Qxd3
Kf6 55. Qf3+ Kg5 56. Re4 Qh2+ 57. Kf1 Qh3+ 58. Qg2 Qf5+ 59. Ke2 a5 60. Qf3 a4
61. Qe3+ Bf4 62. Qd4 a3 63. Qg7+ Kh5 64. Re8 Qg4+ 65. Qxg4+ Kxg4 66. Rg8+ Kf5
67. Kf3 Be5 68. Ra8 g2 69. Kxg2 Ke4 70. Rxa3 Kd4 1/2-1/2

[Event "London Classic Open 2018"]
[Site "London ENG"]
[Date "2018.12.09"]
[Round "1.22"]
[White "Hebden, Mark L"]
[Black "Skinner, Nicholas H"]
[Result "1-0"]
[WhiteTitle "GM"]
[WhiteElo "2425"]
[BlackElo "2028"]
[WhiteFideId "400084"]
[BlackFideId "448060"]
[EventDate "2018.12.09"]

1. d4 d5 2. c4 e6 3. cxd5 exd5 4. Nc3 c6 5. Bf4 Bd6 6. Bxd6 Qxd6 7. e3 Nf6 8.
Bd3 O-O 9. Nge2 Re8 10. Qc2 Nbd7 11. Ng3 Nf8 12. O-O-O b5 13. Kb1 a5 14. Rhe1
Bd7 15. f3 Ng6 16. Bxg6 hxg6 17. e4 dxe4 18. fxe4 Qf4 19. e5 Nd5 20. Rf1 Nxc3+
21. Qxc3 Qh6 22. Qf3 Rf8 23. Ka1 Qh4 24. Qe3 Be6 25. Ne4 b4 26. Rf4 Qh5 27. Rdf1
a4 28. h4 b3 29. a3 Bc4 30. g4 Qxh4 31. g5 Qh5 32. Rg1 Bd5 33. Qe1 Qh2 34. Rh4
Qc2 35. Rgh1 f5 36. e6 1-0